000 00653nam a2200217Ia 4500
003 GCL
008 140319s9999 xx 000 0 ara d
040 _aGCL /
_cGCL
082 0 4 _a301.412
_bس ه
100 1 _aسلوى بكر
245 1 0 _aهاجر :
_bكتاب المرأة /
_cسلوى بكر
700 1 _aهدى الصدة
260 _aالقاهرة :
_bسينا للنشر ،
_c1993
300 _a3 مج ؛
_c24 سم
490 _aكتاب
_v0
650 0 4 _aالمرأة
650 0 4 _aالمرأة العاملة
650 0 4 _aالحياة الاجتماعية
650 0 4 _aالمرأة - العالم العربى
942 _2ddc
_cBK
999 _c43018
_d43018